Statistics for Countries That Contain K

Click here to take the quiz!

General Stats

  • This quiz has been taken 192 times
    (153 since last reset)
  • The average score is 13 of 20

Answer Stats

Answer% Correct
Kazakhstan
93%
Kyrgyzstan
88%
United Kingdom
82%
Kenya
78%
Kuwait
77%
Pakistan
75%
Kiribati
73%
Turkey
73%
Turkmenistan
73%
Kosovo
72%
Tajikistan
72%
North Korea
70%
South Korea
69%
Ukraine
63%
Uzbekistan
60%
Denmark
51%
Burkina Faso
49%
St. Kitts and Nevis
47%
Slovakia
46%
Sri Lanka
37%

Score Distribution

Percentile by Number Answered

Percent of People with Each Score

Your Score History

You have not taken this quiz since the last reset